AMERICAN DEMOCRACY IN THEORY AND PRACTICE ESSENTIALS OF NATIONAL STATE AND LOCAL GOVERNMENT (Record no. 570213)

000 -LEADER
fixed length control field 00353nam a22001097a 4500
082 ## - DEWEY DECIMAL CLASSIFICATION NUMBER
Classification number 321.8973 CAR'A
100 ## - MAIN ENTRY--PERSONAL NAME
Personal name BERNSTEIN, MARVER H,CARR, ROBERT K,MORRISON, DONALD H
9 (RLIN) 60508
245 ## - TITLE STATEMENT
Title AMERICAN DEMOCRACY IN THEORY AND PRACTICE ESSENTIALS OF NATIONAL STATE AND LOCAL GOVERNMENT
260 ## - PUBLICATION, DISTRIBUTION, ETC.
Place of publication, distribution, etc. NEWYORK
Name of publisher, distributor, etc. RINEHART
Date of publication, distribution, etc. 1957
300 ## - PHYSICAL DESCRIPTION
Extent 737P
942 ## - ADDED ENTRY ELEMENTS (KOHA)
Koha item type Book
Holdings
Withdrawn status Lost status Damaged status Not for loan Permanent Location Current Location Shelving location Date acquired Total Checkouts Full call number Barcode Date last seen Price effective from Koha item type
        College of Electrical & Mechanical Engineering (CEME) College of Electrical & Mechanical Engineering (CEME) General Stacks 07/19/2017   321.8973 CAR'A CEME-234 06/28/2021 06/28/2021 Book
© 2023 Central Library, National University of Sciences and Technology. All Rights Reserved.